Visualizzazione normale
Vista MARC
- Renard
di Personal Name
Records bibliografici associati: 1
001 - CONTROL NUMBER
- control field: 7352
003 - CONTROL NUMBER IDENTIFIER
- control field: IT-RoPau
005 - DATE AND TIME OF LATEST TRANSACTION
- control field: 20140103173923.0
008 - FIXED-LENGTH DATA ELEMENTS
- fixed length control field: 140103|| aca||aabn | a|a d
040 ## - CATALOGING SOURCE
- Original cataloging agency: IT-RoPau
- Transcribing agency: IT-RoPau
100 ## - HEADING--PERSONAL NAME
- Personal name: Renard
- Dates associated with a name: Codice autore testo/musica SPICS: 16075
- Relator term: Autore testo/musica
- Name of part/section of a work: Irresistibilmente
670 ## - SOURCE DATA FOUND
- Source citation: Work cat.: (IT-RoPau)99755: AA.VV. 794, Juke box-I grandi successi italiani vol.07 (tanto per cantare)